<?xml version="1.0" encoding="UTF-8"?>
<record
    xmlns:xsi="http://www.w3.org/2001/XMLSchema-instance"
    xsi:schemaLocation="http://www.loc.gov/MARC21/slim http://www.loc.gov/standards/marcxml/schema/MARC21slim.xsd"
    xmlns="http://www.loc.gov/MARC21/slim">

  <leader>00569nam a22001937a 4500</leader>
  <controlfield tag="005">20260127121259.0</controlfield>
  <datafield tag="010" ind1=" " ind2=" ">
    <subfield code="a">ENG-147668</subfield>
  </datafield>
  <datafield tag="020" ind1=" " ind2=" ">
    <subfield code="a">9788194711018</subfield>
    <subfield code="c">1395.00</subfield>
  </datafield>
  <datafield tag="035" ind1=" " ind2=" ">
    <subfield code="a">EN-131200</subfield>
  </datafield>
  <datafield tag="037" ind1=" " ind2=" ">
    <subfield code="b">DBAD</subfield>
    <subfield code="a">DPL</subfield>
  </datafield>
  <datafield tag="082" ind1=" " ind2=" ">
    <subfield code="2">1</subfield>
    <subfield code="a">N</subfield>
  </datafield>
  <datafield tag="100" ind1=" " ind2=" ">
    <subfield code="a">Christie, Agatha </subfield>
    <subfield code="9">86856</subfield>
  </datafield>
  <datafield tag="245" ind1=" " ind2=" ">
    <subfield code="a">The Secret of Chimneys/</subfield>
    <subfield code="c">Agatha Christie</subfield>
  </datafield>
  <datafield tag="250" ind1=" " ind2=" ">
    <subfield code="a">1</subfield>
  </datafield>
  <datafield tag="260" ind1=" " ind2=" ">
    <subfield code="a">New Delhi</subfield>
    <subfield code="b">Juggernaut Publications</subfield>
    <subfield code="c">2025</subfield>
  </datafield>
  <datafield tag="270" ind1=" " ind2=" ">
    <subfield code="a">F-3/16, Ansari Road, Darya Ganj</subfield>
    <subfield code="b">New Delhi</subfield>
    <subfield code="e">110002</subfield>
    <subfield code="k">9310122101</subfield>
    <subfield code="m">juggernautpub@gmail.com</subfield>
  </datafield>
  <datafield tag="300" ind1=" " ind2=" ">
    <subfield code="a">234p.</subfield>
    <subfield code="c">22cm(hb)</subfield>
  </datafield>
  <datafield tag="942" ind1=" " ind2=" ">
    <subfield code="2">ddc</subfield>
    <subfield code="c">EN</subfield>
    <subfield code="h">N</subfield>
    <subfield code="m">CHR</subfield>
  </datafield>
  <datafield tag="999" ind1=" " ind2=" ">
    <subfield code="c">214495</subfield>
    <subfield code="d">214495</subfield>
  </datafield>
  <datafield tag="952" ind1=" " ind2=" ">
    <subfield code="0">0</subfield>
    <subfield code="1">0</subfield>
    <subfield code="4">0</subfield>
    <subfield code="7">0</subfield>
    <subfield code="8">FIC</subfield>
    <subfield code="a">M</subfield>
    <subfield code="b">M</subfield>
    <subfield code="d">2026-01-27</subfield>
    <subfield code="e">Delivery of Books Act Division</subfield>
    <subfield code="g">1395.00</subfield>
    <subfield code="l">0</subfield>
    <subfield code="o">N CHR</subfield>
    <subfield code="p">EN-131200</subfield>
    <subfield code="r">2026-01-27 00:00:00</subfield>
    <subfield code="t">1</subfield>
    <subfield code="v">1395.00</subfield>
    <subfield code="w">2026-01-27</subfield>
    <subfield code="y">EN</subfield>
  </datafield>
</record>
